Science Quiz

Random Science or Animal Quiz
Score 0/20 Timer 04:00
0 Plays Today
% Correct
Axolotl
76.5%
Red-spotted Newt
69.9%
Tiger Salamander
59.7%
Green Salamander
56.8%
Olm
55.7%
Northern Crested Newt
53.7%
Hellbender
53.5%
Marbled Salamander
50.6%
Fire Salamander
50.1%
Two-toed Amphiuma
49.6%
% Correct
Emperor Newt
47.5%
Gold-striped Salamander
46.2%
Pacific giant Salamander
45.7%
California Newt
43.1%
Iberian Ribbed Newt
42.5%
Kaiser's spotted Newt
41.8%
Southern Torrent Salamander
38%
Alpine Newt
36.7%
Yonahlossee Salamander
34.9%
Hida Salamander
34.1%
Remove Ads.
Support Sporcle.
Get the best of Sporcle when you Go Orange. This ad-free experience offers more features, more stats, and more fun while also helping to support Sporcle. Thank you for becoming a member.

You're not logged in!

Compare scores with friends on all Sporcle quizzes.
OR
Log In

Sporcle TV

Today on Sporcle TV


Watch our educational content, quiz creation guides, and fun videos on Sporcle TV.

Show Comments

Extras

Top Quizzes Today


Score Distribution

Paid Content

Your Account Isn't Verified!

In order to create a playlist on Sporcle, you need to verify the email address you used during registration. Go to your Sporcle Settings to finish the process.

Report this User

Report this user for behavior that violates our Community Guidelines.

Details: